Korean studies : (Record no. 32337)
[ view plain ]
| 000 -LEADER | |
|---|---|
| fixed length control field | 00990nam a2200289 a 4500 |
| 001 - CONTROL NUMBER | |
| control field | 32337 |
| 003 - CONTROL NUMBER IDENTIFIER | |
| rucl marc code | BD-RjUL |
| 005 - DATE AND TIME OF LATEST TRANSACTION | |
| control field | 20211209051823.0 |
| 008 - FIXED-LENGTH DATA ELEMENTS--GENERAL INFORMATION | |
| fixed length control field | 140426s1994 hwu b 101 0 eng d |
| 020 ## - INTERNATIONAL STANDARD BOOK NUMBER | |
| International Standard Book Number | 082481598X |
| 035 ## - SYSTEM CONTROL NUMBER | |
| System control number | (BD-RjUL)32426 |
| 040 ## - CATALOGING SOURCE | |
| Original cataloging agency | BD-RjUL |
| Language of cataloging | eng |
| Transcribing agency | BD-RjUL |
| Modifying agency | BD-RjUL |
| 041 ## - LANGUAGE CODE | |
| Language code of text/sound track or separate title | eng |
| 082 00 - DEWEY DECIMAL CLASSIFICATION NUMBER | |
| Classification number | 951.9 |
| Author mark and year | KOR 1994 |
| 245 00 - TITLE STATEMENT | |
| Title | Korean studies : |
| Remainder of title | new Pacific currents / |
| Statement of responsibility, etc. | edited by Dae-Sook Suh |
| 260 ## - PUBLICATION, DISTRIBUTION, ETC. (IMPRINT) | |
| Place of publication, distribution, etc. | Honolulu : |
| Name of publisher, distributor, etc. | Center for Korean Studies, University of Hawaii, |
| Date of publication, distribution, etc. | c1994 |
| 300 ## - PHYSICAL DESCRIPTION | |
| Pagination | ix, 305 p. ; |
| Size | 24 cm |
| 504 ## - BIBLIOGRAPHY, ETC. NOTE | |
| Bibliography, etc | Includes bibliographical references and index |
| 651 #0 - SUBJECT ADDED ENTRY--GEOGRAPHIC NAME | |
| Geographic name | Korea |
| General subdivision | Study and teaching |
| -- | Congresses |
| 9 (RLIN) | 98376 |
| 700 1# - ADDED ENTRY--PERSONAL NAME | |
| Personal name | Suh, Dae-Sook, |
| Dates associated with a name | 1931- |
| 711 0# - ADDED ENTRY--MEETING NAME | |
| Meeting name or jurisdiction name as entry element | Pacific Basin International Conference on Korean Studies |
| Number of part/section/meeting | (1st : |
| Date of meeting | 1992 : |
| Location of meeting | Honolulu, Hawaii) |
| 9 (RLIN) | 98379 |
| 830 #0 - SERIES ADDED ENTRY--UNIFORM TITLE | |
| Volume number/sequential designation | 1 |
| 830 #0 - SERIES ADDED ENTRY--UNIFORM TITLE | |
| Uniform title | Pacific Association for Korean Studies ; |
| 942 ## - ADDED ENTRY ELEMENTS (KOHA) | |
| Source of classification or shelving scheme | Dewey Decimal Classification |
| Koha item type | Books |
| Lost status | Source of classification or shelving scheme | Damaged status | Not for loan | Collection code | Permanent Location | Current Location | Shelving location | Date acquired | Total Checkouts | Full call number | Date last seen | Copy number | Koha item type |
|---|---|---|---|---|---|---|---|---|---|---|---|---|---|
| Dewey Decimal Classification | Not For Loan | Non-fiction | Central Library, University of Rajshahi | Central Library, University of Rajshahi | Reading Room | 09/07/1995 | 951.9 KOR 1994 | 26/04/2014 | C-1 | Books |